Brazilian cities in Civilization 6 Map quiz - Statistics

General Stats
  • This quiz has been taken 25 times
  • The average score is 16 of 37
Answers on the Map
Answers color-coded by a green-red scale on the quiz's map according to % correct below.
 
Answer Stats
Answer % Correct
Brasília
100%
Rio de Janeiro
100%
Manaus
95%
São Paulo
95%
Belo Horizonte
90%
Belém
86%
Recife
86%
Curitiba
81%
Porto Alegre
81%
Salvador da Bahia
76%
Fortaleza
71%
Natal
57%
Goiania
48%
Vitória
48%
Campinas
43%
São Luís
43%
Florianópolis
38%
Campo Grande
33%
Macapá
33%
Aracaju
29%
Guarulhos
29%
João Pessoa
29%
Maceió
29%
Cuiabá
24%
Joinville
24%
Uberlândia
19%
Duque de Caxias
14%
Parnaíba
14%
Feira de Santana
10%
Juiz de Fora
10%
Nova Iguaçu
10%
Osasco
10%
São José dos Campos
10%
Contagem
5%
Jaboatão dos Guararapes
5%
Jundiaí
5%
São Bernardo do Campo
5%
No matching quizzes found
Score Distribution
Percent of People with Each Score
Percentile by Number Answered
Your Score History
You have not taken this quiz